| 000 | 00558nam a22001457a 4500 | ||
|---|---|---|---|
| 999 |
_c4548 _d235052 |
||
| 080 | _a347.91.9+ 364 F 411 | ||
| 100 |
_4aut _aFerran Felix Adrian |
||
| 245 |
_aMediación Familiar _bMediación en la Violencia Familiar |
||
| 300 | _a52 P. | ||
| 500 | _aDirector de tesis: | ||
| 502 | _aTesis (Especialización))--Universidad Nacional de Mar del Plata. Facultad de Derecho. Departamento de Posgrado, 2007. | ||
| 650 |
_2IEDCYT _amediacion _amediacion familiar _aderecho de familia _xmediacion en violencia familiar |
||
| 945 |
_acd _d2017-08-02 |
||